Statistics for Tom Lehrer's missing elements

Click here to take the quiz!

General Stats

  • This quiz has been taken 6 times
  • The average score is 14 of 16

Answer Stats

CategoryElement% Correct
TransitionDarmstadtium
100%
Post TransitionFlerovium
100%
ActinideLawrencium
100%
TransitionMeitnerium
100%
Noble GasOganesson
100%
TransitionRutherfordium
100%
TransitionCopernicium
80%
TransitionDubnium
80%
TransitionHassium
80%
Post TransitionLivermorium
80%
Post TransitionMoscovium
80%
Post TransitionNihonium
80%
TransitionRœntgenium
80%
TransitionSeaborgium
80%
HalogenTennessine
80%
TransitionBohrium
60%

Score Distribution

Percentile by Number Answered

Percent of People with Each Score

Your Score History

You have not taken this quiz